[Event "St Louis Fall B 2017"]
[Site "Saint Louis USA"]
[Date "2017.09.14"]
[Round "9.4"]
[White "Ni, Shiqun"]
[Black "Shabalov, Alexander"]
[Result "1-0"]
[WhiteTitle "WGM"]
[BlackTitle "GM"]
[WhiteElo "2426"]
[BlackElo "2563"]
[WhiteFideId "8608466"]
[BlackFideId "2008572"]
[EventDate "2017.09.06"]

1. e4 Nf6 2. e5 Nd5 3. d4 d6 4. c4 Nb6 5. exd6 cxd6 6. Nc3 g6 7. Be3 Bg7 8. Rc1
O-O 9. b3 Bf5 10. Nf3 d5 11. c5 Nc8 12. b4 a6 13. Be2 Nc6 14. a3 e6 15. O-O Bg4
16. Ne1 Bxe2 17. Nxe2 N8e7 18. Nf3 Nf5 19. Qd3 Nxe3 20. Qxe3 Qf6 21. Rfd1 Rfe8
22. Rb1 e5 23. dxe5 Nxe5 24. Nxe5 Rxe5 25. Qd3 Rae8 26. Nd4 Re4 27. Nf3 g5 28.
h3 Qf5 29. Kf1 d4 30. Rd2 Qe6 31. Rdd1 Qg6 32. Rb3 f5 33. Nd2 Qe6 34. Qc4 Re2
35. Qxe6+ R8xe6 36. Rd3 h6 37. a4 Re7 38. Rc1 Kf8 39. b5 axb5 40. axb5 R2e6 41.
Nb3 Re4 42. Na5 Be5 43. b6 Ke8 44. c6 bxc6 45. Nxc6 Rb7 46. Rb1 Kd7 47. Nxe5+
Rxe5 48. Rxd4+ Kc6 49. Rdb4 Rd5 50. g3 Rc5 51. Kg2 Rd5 52. Rc1+ Rc5 53. Re1 Kd6
54. Rb2 Rd5 55. Re8 Kc5 56. Rc8+ Kd6 57. Rd8+ 1-0

[Event "St Louis Fall B 2017"]
[Site "Saint Louis USA"]
[Date "2017.09.14"]
[Round "9.5"]
[White "Prasanna, Raghuram Rao"]
[Black "Pichot, Alan"]
[Result "0-1"]
[WhiteTitle "IM"]
[BlackTitle "GM"]
[WhiteElo "2464"]
[BlackElo "2565"]
[WhiteFideId "5022401"]
[BlackFideId "110973"]
[EventDate "2017.09.06"]

1. e4 c5 2. Nf3 Nc6 3. d4 cxd4 4. Nxd4 Qb6 5. Nb3 Nf6 6. Nc3 e6 7. Bd3 a6 8. Be3
Qc7 9. f4 d6 10. Qf3 b5 11. g4 Be7 12. g5 Nd7 13. O-O-O Bb7 14. Kb1 Nc5 15. Qh3
b4 16. Ne2 Nxd3 17. cxd3 a5 18. g6 fxg6 19. Nbd4 Nd8 20. Nxe6 Nxe6 21. Qxe6 Qd7
22. Qxd7+ Kxd7 23. h4 d5 24. h5 dxe4 25. dxe4+ Ke6 26. Ng3 Rad8 27. Bd4 Rhf8 28.
h6 Rxf4 29. hxg7 Rh4 30. Rhf1 Rg8 31. Rc1 Rg4 32. Rc7 Bxe4+ 33. Nxe4 Rxe4 34.
Rd1 Bd6 35. Rc6 Kd5 36. Ra6 Rxd4 37. Rxd4+ Kxd4 38. Rxd6+ Ke5 39. Ra6 Rxg7 40.
Rxa5+ Kf6 41. Rb5 g5 42. Rb6+ Kf5 43. Rb5+ Kf4 44. Rxb4+ Kf3 45. Rb6 g4 46. Rf6+
Kg2 47. a4 g3 48. a5 h5 49. Rh6 Kf3 50. Rf6+ Kg4 51. Rf1 h4 0-1